| 000 | 00534cam a22001577a 4500 | ||
|---|---|---|---|
| 008 | 180718b2002 xxu||||| |||| 00| 0 eng d | ||
| 082 | _aA99 Ad95/G111 | ||
| 245 |
_aToday's iron man: life and times of Lal Krishna Advani _cedited by Daljit Kaur Gaba, Soma Kolay and Arti Agnihotri |
||
| 260 |
_aDelhi _bXact _c2002 |
||
| 300 | _a155p. | ||
| 650 | _aAdwani, Lal Krishna - Criticism and interpretation | ||
| 650 | _aAdwani, Lal Krishna - Biography | ||
| 700 | _aAgnihotri, Arti | ||
| 700 | _aKolay, Soma | ||
| 700 | _aGaba, Daljit Kaur | ||
| 999 |
_c399878 _d399878 |
||